UBT Library

POLITICAL THOYGH OF WOODROW WILSON (Record no. 16899)

000 -LEADER
fixed length control field 00277nam a22001217a 4500
008 - FIXED-LENGTH DATA ELEMENTS--GENERAL INFORMATION
fixed length control field 170612b xxu||||| |||| 00| 0 eng d
041 ## - LANGUAGE CODE
Language code of text/sound track or separate title eng
080 ## - UNIVERSAL DECIMAL CLASSIFICATION NUMBER
Universal Decimal Classification number 32
100 ## - Rafti
Rafti 32
101 ## - Shkurtesa
Shkurtesa SHP
245 ## - TITLE STATEMENT
Title POLITICAL THOYGH OF WOODROW WILSON
Statement of responsibility, etc CRONON.E.D
942 ## - ADDED ENTRY ELEMENTS (KOHA)
Source of classification or shelving scheme
Item type Books
Holdings
Withdrawn status Lost status Source of classification or shelving scheme Damaged status Not for loan Collection code Permanent location Current location Shelving location Date acquired Total Checkouts Full call number Barcode Date last seen Price effective from Koha item type
          Koleksioni i përgjithshem UBT - Lipjan UBT - Lipjan Koleksioni i përgjithshem 06/12/2017   32 CRO 002-289568 06/12/2017 06/12/2017 Books
UBT Library © 2015-2024. All rights reserved University Education for Business and Technology